000 00411cam a2200169ua 4500
003 OSt
008 250707b |||||||| |||| 00| 0 eng d
041 _aeng
082 _a624.18341
_bBAI/RE
100 _aBaikov, V .
_97623
245 _aReinforced concrete structures
250 _a1 /
260 _aMoscow :
_bMIR Publishers ,
_c1981.
300 _a392 ; .
700 1 _aSigalov, E .
_97624
942 _cBK
999 _c1363
_d1363